[Event "Tamil Nadu-ch 68th"]
[Site "Tirunelveli"]
[Date "2021.03.30"]
[Round "3"]
[White "Ruban Sanjay, M."]
[Black "Ramnathan, Balasubramaniam"]
[Result "0-1"]
[WhiteElo "1590"]
[BlackElo "2180"]
[PlyCount "62"]
[EventDate "2021.03.29"]
[EventType "swiss"]
[EventRounds "9"]
[EventCountry "IND"]
[SourceTitle "EXT 2022"]
[Source "ChessBase"]
[SourceDate "2021.10.06"]
[SourceVersion "1"]
[SourceVersionDate "2021.10.06"]
[SourceQuality "1"]

1. e4 d6 2. d4 Nf6 3. Nc3 Nbd7 4. Nf3 e5 5. Be2 Be7 6. 0-0 0-0 7. Re1 c6 8. a4 a5 9. h3 Re8 10. Rb1 h6 11. Be3 Qc7 12. Bf1 Bf8 13. Bd3 exd4 14. Bxd4 Ne5 15. Be3 Bd7 16. Bf4 Rad8 17. Qe2 Bc8 18. Rbd1 Ng6 19. Bh2 Qb6 20. b3 d5 21. e5 Bb4 22. Bxg6 Bxc3 23. Qd3 Bxe1 24. exf6 Bxf2+ 25. Kh1 Qe3 26. Bh7+ Kh8 27. fxg7+ Kxg7 28. Be5+ Rxe5 29. Nxe5 Qxe5 30. Rf1 Qe3 31. Qxe3 Bxe3 0-1

[Event "Ramco Tech op"]
[Site "Rajapalayam"]
[Date "2018.11.30"]
[Round "3"]
[White "Ruban Sanjay, M."]
[Black "Laxman, Rajaram"]
[Result "0-1"]
[WhiteElo "1657"]
[BlackElo "2436"]
[PlyCount "62"]
[EventDate "2018.11.29"]
[EventType "swiss"]
[EventRounds "8"]
[EventCountry "IND"]
[SourceTitle "CBM 187 Extra"]
[Source "ChessBase"]
[SourceDate "2018.11.04"]
[SourceVersion "1"]
[SourceVersionDate "2018.11.04"]
[SourceQuality "1"]

1. b3 d5 2. Bb2 Bg4 3. f3 Bf5 4. e3 c5 5. d4 cxd4 6. exd4 Nc6 7. Nc3 e6 8. Nge2 Bd6 9. Qd2 Nb4 10. Rc1 a6 11. a3 Nc6 12. Nd1 h5 13. Ne3 Bg6 14. c4 Nf6 15. h4 Qb8 16. Kf2 0-0 17. g3 dxc4 18. Nxc4 Bc7 19. Bh3 Rd8 20. Rhd1 e5 21. d5 Nxd5 22. Qxd5 Rxd5 23. Rxd5 Qa7+ 24. Kf1 Rd8 25. Rxd8+ Bxd8 26. b4 Bd3 27. Bg2 b5 28. Na5 Nxa5 29. bxa5 Qe3 30. Re1 Bxa5 31. Bc1 Bxe2+ 0-1

[Event "Commonwealth-ch U14"]
[Site "New Delhi"]
[Date "2018.07.02"]
[Round "6"]
[White "Ruban Sanjay, M."]
[Black "Karthik, Sai Ch"]
[Result "0-1"]
[WhiteElo "1798"]
[BlackElo "1789"]
[PlyCount "52"]
[EventDate "2018.06.26"]
[EventType "swiss"]
[EventRounds "7"]
[EventCountry "IND"]
[SourceTitle "EXT 2019"]
[Source "ChessBase"]
[SourceDate "2018.10.10"]
[SourceVersion "1"]
[SourceVersionDate "2018.10.10"]
[SourceQuality "1"]

1. e4 c6 2. d4 d5 3. f3 e6 4. Nc3 Bb4 5. Bf4 Ne7 6. Qd3 b6 7. Nge2 Ba6 8. Qe3 0-0 9. 0-0-0 Nd7 10. a3 Bxc3 11. Nxc3 Bxf1 12. Rhxf1 b5 13. g4 Nb6 14. Bg5 Nc4 15. Qd3 f6 16. Bd2 a5 17. Nb1 Qd6 18. g5 f5 19. e5 Qc7 20. f4 Rfb8 21. b3 Nxd2 22. Nxd2 c5 23. dxc5 Qxc5 24. Kb2 Nc8 25. Nf3 Nb6 26. Qc3 Na4+ 0-1

[Event "Sivakasi op 4th"]
[Site "Sivakasi"]
[Date "2018.04.22"]
[Round "3"]
[White "Ruban Sanjay, M."]
[Black "Ram, S Krishnan"]
[Result "0-1"]
[WhiteElo "1655"]
[BlackElo "2169"]
[PlyCount "68"]
[EventDate "2018.04.21"]
[EventType "swiss"]
[EventRounds "8"]
[EventCountry "IND"]
[SourceTitle "CBM 184 Extra"]
[Source "ChessBase"]
[SourceDate "2018.06.28"]
[SourceVersion "1"]
[SourceVersionDate "2018.06.28"]
[SourceQuality "1"]

1. b3 d5 2. Bb2 Bg4 3. f3 Bf5 4. e3 e6 5. d4 Nf6 6. Qd2 Nbd7 7. Ne2 Bd6 8. Nbc3 c6 9. 0-0-0 b5 10. g4 Bg6 11. Nf4 0-0 12. h4 h5 13. g5 Ne8 14. Nxg6 fxg6 15. f4 Rf7 16. Bd3 Nf8 17. Kb1 a5 18. a4 Bb4 19. axb5 a4 20. Qe2 Qa5 21. Nxa4 cxb5 22. Bxb5 Nd6 23. Bd3 Rb7 24. e4 Ba3 25. Bxa3 Qxa4 26. Bb2 Qa2+ 27. Kc1 Rc8 28. c3 Rxb3 29. Rh2 Rbxc3+ 30. Bxc3 Rxc3+ 31. Qc2 Rxc2+ 32. Rxc2 Qa1+ 33. Kd2 Qxd4 34. Ke1 Nxe4 0-1

[Event "IND-chT 37th"]
[Site "Bhopal"]
[Date "2017.02.03"]
[Round "3.1"]
[White "Hemanth, Raam"]
[Black "Ruban Sanjay, M."]
[Result "1/2-1/2"]
[WhiteElo "2049"]
[BlackElo "1665"]
[PlyCount "85"]
[EventDate "2017.02.02"]
[EventType "team-swiss"]
[EventRounds "9"]
[EventCountry "IND"]
[SourceTitle "CBM 176 Extra"]
[Source "ChessBase"]
[SourceDate "2017.03.02"]
[SourceVersion "1"]
[SourceVersionDate "2017.03.02"]
[SourceQuality "1"]
[WhiteTeam "Tamil Nadu II"]
[BlackTeam "Sivakasi"]
[WhiteTeamCountry "IND"]
[BlackTeamCountry "IND"]

1. e4 e6 2. d4 d5 3. Nc3 Nf6 4. Bg5 Be7 5. e5 Nfd7 6. Bxe7 Qxe7 7. f4 a6 8. Nf3 c5 9. Qd2 Nc6 10. dxc5 Nxc5 11. 0-0-0 Bd7 12. Kb1 b5 13. Bd3 Nxd3 14. cxd3 0-0-0 15. Ne2 Kb7 16. Ned4 Rc8 17. g4 Rc7 18. Nxc6 Rxc6 19. Nd4 Rc7 20. Qe3 Re8 21. Nb3 Qb4 22. d4 Rd8 23. Nc5+ Ka7 24. Rd3 Bc8 25. Rc1 Qa5 26. Rdc3 Bb7 27. Qd3 g6 28. Qh3 Qb4 29. Rd1 Rdc8 30. a3 Qa5 31. Qxh7 b4 32. axb4 Qxb4 33. f5 Rxc5 34. dxc5 Qxg4 35. Rdc1 Qxf5+ 36. Ka1 d4 37. Rc4 d3 38. Qh6 Qxe5 39. Qd2 Qe2 40. Rd1 Bf3 41. Rcc1 Qxd2 42. Rxd2 Be2 43. b4 1/2-1/2